00279pam a2200109 a 4500020000500000041000500005082001700010100001900027245006700046260004000113300001600153 c h a738.209bBAT aDavid Battie . aSothebys Concise Encyclopedia of Porcelain hTextual Documents a[s.l]:bConran Octopus Ltd ,c1990. a208:bHard.